Normal view
MARC view
Entry Personal Name
001 - CONTROL NUMBER
- control field: 575816
003 - CONTROL NUMBER IDENTIFIER
- control field: OSt
005 - DATE AND TIME OF LATEST TRANSACTION
- control field: 20221002054338.0
008 - FIXED-LENGTH DATA ELEMENTS
- fixed length control field: 221002|| aca||aabn | a|a d
040 ## - CATALOGING SOURCE
- Original cataloging agency: OSt
- Transcribing agency: OSt
100 ## - HEADING--PERSONAL NAME
- Personal name: Wulfeck Joseph W
670 ## - SOURCE DATA FOUND
- Source citation: Work cat.: (OSt)924673: Wulfeck Joseph W, Language of dynamic psychology as related to motivation research, 1954
